Ekonómia zdravotníctva (vybrané problémy)

Salvato in:
Dettagli Bibliografici
Autore principale: Murgaš, Milan
Natura: Libro
Lingua:slovacco
Pubblicazione: Banská Bystrica Ekonomická fakulta Univerzity Mateja Bela 2004
Soggetti:
Tags: Aggiungi Tag
Nessun Tag, puoi essere il primo ad aggiungerne!!

MARC

LEADER 00000nam$a2200000$$$4500
001 0042303
005 20240314091119.4
020 |a 80-8055-927-9 
041 0 |a slo 
044 |a SK 
245 1 0 |a Ekonómia zdravotníctva  |b (vybrané problémy)  |c Milan Murgaš 
264 1 |a Banská Bystrica  |b Ekonomická fakulta Univerzity Mateja Bela  |c 2004 
300 |a 105 s. 
610 2 0 |a ekonómia 
610 2 0 |a zdravotníctvo 
610 2 0 |a služby 
610 2 0 |a zdravie 
610 2 0 |a starostlivosť zdravotná 
610 2 0 |a vzdelávanie 
100 1 |a Murgaš, Milan